000 05381cam a22006014i 4500
003 PE-LiUPU
005 20250731173449.0
008 150706s1995 ag r 000 0 spa d
020 _a9505734859
035 _a(Sirsi) i9789505734856
040 _aPE-LiUPU
_bspa
_cPE-LiUPU
_erda
049 _aPRUA
050 _aBX6154
_b.C66
082 0 4 _a286.732
_bCPI24
_221
082 0 4 _a286.7325
_bCPI
100 1 _aWhite, Elena G. de,
_eautor.
245 1 0 _aConsejos para la iglesia :
_bmanual de creencias doctrinales y vida cristiana /
_cElena G. de White, Hugo A. Cotro ed.
264 1 _aBuenos Aires :
_bAsociación Casa Editora Sudamericana,
_c1995.
300 _a799 páginas ;
_c18 centímetros
336 _atext
_2rdacontent
337 _aunmediated
_2rdamedia
338 _avolume
_2rdacarrier
505 0 _aUna visión de la recompensa de los fieles -- El tiempo del fin -- Prepárate para encontrarte con tu Dios -- Unión con Cristo y amor fraternal -- Cristo nuestra justicia. La vida santificada -- Dios tiene una obra para usted -- "Heme aquí, Señor, envíame a mí" -- Las publicaciones de la iglesia -- La creencia en un Dios personal -- Los cristianos deben representar a Dios -- En el mundo pero no del mundo -- La Biblia -- Los testimonios para la iglesia -- El espíritu Santo -- Mantener despejada la conexión de Dios con el hombre -- Pureza de corazón y de vida -- La elección de esposo o esposa -- No se case con un incrédulo -- El matrimonio -- Un matrimonio feliz y de éxito -- La relación entre los esposos -- La madre y su hijo -- Los padres cristianos -- El hogar cristiano -- La infuencia espiritual en el hogar -- Las finanzas en el hogar -- Actividades de la familia durante los días de fiesta y los aniversarios -- La recreación -- Las vías de acceso a la mente que deben custodiarse -- La elección del material de lectura -- La música -- La crítica y sus efectos -- Consejos con respecto a la vestimenta -- Un llamado a la juventud -- La disciplina y la educación apropiada de nuestros hijos -- La educación cristiana. El llamamiento a vivir una vida temperante. La importancia de la limpieza. El alimento que comemos. Alimentos a base de carne -- Fedelidad en la reforma pro salud -- La iglesia en la tierra -- La organización de la iglesia -- La casa de Dios -- Cómo tratar con los que yerran -- La observancia del santo sábado de Dios -- Consejos sobre mayordomía -- La actitud cristiana hacia los necesitados y los dolientes -- Los cristianos en todo el mundo llegan a ser uno en Cristo -- Las reuniones de oración -- El bautismo -- La cena del Señor -- La oración por los enfermos -- La obra médica. La relación con los que no son de nuestra fe -- Nuestras relaciones con las autoridades civiles y con las leyes -- La obra de engaño de satanás -- La falsa ciencia: el moderno vestido de luz de satanás. Los milagros mentirosos de satanás. La crísis venidera -- El tiempo del zarandeo. Algunas cosas para recordar -- Cristo, nuestro gran sumo sacerdote. Josué y el ángel. "He aquí yo vengo pronto".
526 _aSEG42
526 _aSEG41
526 _aSEG40
526 _aSEG39
526 _aP94
526 _aP87
526 _aP86
526 _aP85
526 _aP77
526 _aP76
526 _aP35
541 _g001-000280;
650 0 4 _aIASD
_xDoctrinas
_vCompilación.
910 _bgl
_d20110224
942 _2ddc
_cBOOK
949 _a286.7325 CIG
_wDEWEY
_c1
_i39813
_lCCODEBUL1
_mBUL
_r0
_sY
_tBOOK
_u2015-6-16
_xTEOLOGIA
_zUNKNOWN
_0COMPRA
_o.STAFF. Colección Teología
949 _a286.7325 CPI
_wDEWEY
_c2
_i39814
_lCIW
_mBUL
_r1
_sY
_tBOOK
_u2015-6-16
_xWHITE
_zUNKNOWN
_0COMPRA
_o.STAFF. Colección General
949 _a286.7325 CIG
_wDEWEY
_c3
_i40661
_lCCODEBUL1
_mBUL
_r0
_sY
_tBOOK
_u2015-6-16
_xTEOLOGIA
_zUNKNOWN
_0COMPRA
_o.STAFF. Colección Teología
949 _a286.732 C24 BE
_wDEWEY
_c1
_i53227
_lCCODEBUL1
_mBUL
_p30.00
_r0
_sY
_tBOOK
_u2015-6-24
_xBIBLIOTECA
_zUNKNOWN
_0COMPRA
_o.STAFF. Colección Teología
949 _a286.732 CPI24
_wDEWEY
_c1
_i62561
_lCIW
_mBUL
_p30.00
_r1
_sY
_tBOOK
_u2015-7-6
_xWHITE
_zUNKNOWN
_o.STAFF. Colección Teología
994 _aC0
_bPEPRU
596 _a1 4
999 _a286.7325 CIG
_wDEWEY
_c57460
_i39813
_d57460
_e2016-10-21
_f2021-11-11
_g6
_lCCODEBUL1
_mBUL
_n8
_p6.00
_r0
_sY
_tBOOK
_u2015-6-16
_xTEOLOGIA
_PP35
_0COMPRA
_o.STAFF. Colección Teología
999 _a286.7325 CIG
_wDEWEY
_c3
_i40661
_d2019-1-14
_e2016-6-23
_f2021-11-11
_g6
_lCCODEBUL1
_mBUL
_n4
_p30.00
_q1
_r0
_sY
_tBOOK
_u2015-6-16
_xTEOLOGIA
_PP35
_0COMPRA
_o.STAFF. Colección Teología
999 _a286.732 C24 BE
_wDEWEY
_c1
_i53227
_lLOST
_mBUL
_p10.00
_r1
_sY
_tBOOK
_u2015-6-24
_xBIBLIOTECA
_zUNKNOWN
_0COMPRA
_o.STAFF. Colección General
999 _a286.7325 CPI 1995
_wDEWEY
_c1
_iCW39814
_f2021-12-21
_g2
_lCCODECWL1
_mBWL
_p45.00
_r1
_sY
_tBOOK
_u2015-6-16
_xWHITE
_zUNKNOWN
_0COMPRA
_o.STAFF. Centro White
999 _a286.7325 CPI 1995
_wDEWEY
_c2
_iCW62561
_f2021-12-21
_g2
_lCCODECWL1
_mBWL
_p45.00
_r1
_sY
_tBOOK
_u2017-9-27
_xWHITE
_zUNKNOWN
_0COMPRA
_o.STAFF. Centro White
999 _a286.7325 CPI 2007
_wDEWEY
_c1
_iCW00385
_f2021-12-21
_g2
_lCCODECWL1
_mBWL
_p20.00
_r0
_sY
_tBOOK
_u2018-1-12
_xWHITE
_zUNKNOWN
_0COMPRA
_o.STAFF. Centro White
980 _81
_gALBERTO SANCHEZ Responsable de Automatización